Introductory Level Paper 1 Recording Financial Transactions (Record no. 34896)

MARC details
000 -LEADER
fixed length control field 00450nam a22001577a 4500
005 - DATE AND TIME OF LATEST TRANSACTION
control field 20231212102151.0
008 - FIXED-LENGTH DATA ELEMENTS--GENERAL INFORMATION
fixed length control field 231212b |||||||| |||| 00| 0 eng d
020 ## - INTERNATIONAL STANDARD BOOK NUMBER
ISBN 978-1-84390-984-2
082 ## - DEWEY DECIMAL CLASSIFICATION NUMBER
Classification number 657.076
Item number LYN-I
100 ## - MAIN ENTRY--AUTHOR
Author Name Lunch, Foulks
245 ## - TITLE STATEMENT
Title Introductory Level Paper 1 Recording Financial Transactions
Remainder of title Exam Kit
260 ## - PUBLICATION, DISTRIBUTION, ETC.
Place of Publication Pakistan
Name of publisher, distributor, etc. Kaplan Publishing
Date of publication, distribution, etc. 2009
300 ## - PHYSICAL DESCRIPTION
Pages 198
650 ## - SUBJECT ADDED ENTRY--TOPICAL TERM
Subject / Department Management/Accounting
300 ## - PHYSICAL DESCRIPTION
-- xii
952 ## - LOCATION AND ITEM INFORMATION (KOHA)
-- 0
-- 0
Holdings
Lost status Damaged status Collection code Permanent Location Current Location Date acquired Accession No./Barcode Date last seen item type Koha item type
    Management Superior Information Resource Center (SIRC) Superior University - City Campus Superior Information Resource Center (SIRC) Superior University - City Campus 12/12/2023 28276 12/12/2023 BOOK BOOK

Powered by Koha